| 000 | 01117nam a2200277 c 4500 | ||
|---|---|---|---|
| 003 | BLK | ||
| 005 | 20190913121216.0 | ||
| 008 | 180911b bul|||||r ||||||| ||bul|| | ||
| 010 | _a002717 | ||
| 040 | _aBLK | ||
| 041 | _aBUL | ||
| 080 |
_aГеоргевич, Сава _x92 _z949.72(092)92 |
||
| 100 | 1 |
_aЦЕРОВ, Иван _eпърви автор |
|
| 245 | 0 | 0 | _aСава Георгевич |
| 260 |
_aВарна _bРед. к-т при Варненското археол. д-во _c1929 _fВарна : печ. Д. Тодоров |
||
| 300 |
_a5 с _bс 1 л. : портр. _c24 см |
||
| 380 | _a9 | ||
| 490 | _aМатериали за историята на град Варна. | ||
| 490 |
_aЧастна колекция - Академик Михаил Арнаудов _gДарение - Основен фонд |
||
| 501 | _aОтпеч. от Материали за историята на град Варна : 1929. - с. 3 - 8. | ||
| 650 | _aБиографии | ||
| 655 | _aбългарска история | ||
| 700 | 1 | _aИв. П. Церов | |
| 852 | _aМА 4099 | ||
| 942 |
_cKNG _n0 |
||
| 944 |
_aCR _c1994 |
||
| 999 |
_c343056 _d343056 |
||